| 000 | 00596nam a2200205 a 4500 | ||
|---|---|---|---|
| 005 | 20230316063554.0 | ||
| 008 | 080428s1986 es r 000 0 spa d | ||
| 020 | _a8459912876 | ||
| 035 | _aUPN01000155636 | ||
| 049 | _aI | ||
| 050 | 4 |
_aPZ7 _bA4.8 |
|
| 100 | 1 |
_aAhlberg, Allan, _d1938- _928683 |
|
| 245 | 1 | 1 |
_a¡Socorro! / _cAllan Ahlberg ; tr. Ma. Elena Walsh. |
| 260 |
_aMadrid : _bOrbis, _c1986. |
||
| 300 |
_a[26] p. : _bil. |
||
| 440 | 0 |
_aVeo-veo : _pmi primera biblioteca ; _v6 |
|
| 534 |
_pTítulo original: _tHelp! |
||
| 650 | 4 |
_aCuentos infantiles ingleses _910002 |
|
| 905 | _aInfantil | ||
| 999 |
_c127751 _d127751 |
||